• 首页
  • 本馆介绍
  • 公告通知
  • 最新文献
  • 馆藏检索
  • 电子资源
  • 读者导购
  • 参考咨询
  • 我的图书馆
  • 登录
  • 详细信息显示
  • 放入我的书架
  • 预约/预借图书
  • 作者相关作品
  • 分类相关作品
  • 丛书相关作品
  • 出版社相关作品

书目信息

  • 表格格式
  • 工作单格式
  • 卡片格式
题名:
心理学明著导读
    
 
作者: 王芳
分册:  
出版信息: 北京   中国妇女  2006
页数: 322页
开本: 26cm
丛书名:
单 册:
中图分类: Z88:B84
科图分类:
主题词: 专题目录 , 专科目录
电子资源:
ISBN: 7-80203-253-9
000 00514nam0 2200193 450
001 0753865015
005 20070818145745.01
010    @a7-80203-253-9@d¥39.80
100    @a20070818d km y0chiy0120 ea
101 0  @achi
200 1  @a心理学明著导读@Axin li xue ming zhu dao du@f王芳@Fwang fang
210    @a北京@c中国妇女@d2006
215    @a322页@d26cm
606 0  @a专题目录
606 0  @a专科目录
690    @aZ88:B84@v3
701  0 @a王芳@Awang fang
801  0 @aCN@bPFT@c20070818
905    @a213230@dZ88:B84@ee5@f1
    
    心理学明著导读/王芳.-北京:中国妇女,2006
    322页;26cm
    
    
    ISBN 7-80203-253-9:¥39.80
    
●
相关链接 在E读中查询图书 在五车中查询图书 在当当中查询图书 在豆瓣中查询图书


正题名:心理学明著导读     索取号:Z88:B84/e5         预约/预借

序号 登录号 条形码 馆藏地/架位号 状态 备注
1 6304036   263040364   教育系资料室/ [索取号:Z88:B84/e5] 在馆    
唐山师范学院图书馆 欢迎您!
大连网信软件有限公司© 版权所有